Industrialization and manpower polcy in Asian countries

Uloženo v:
Podrobná bibliografie
Médium: Kniha
Jazyk:Undetermined
Vydáno: Tokyo The Japan Institute of Labour 1973
Témata:
Tagy: Přidat tag
Žádné tagy, Buďte první, kdo otaguje tento záznam!
Thư viện lưu trữ: Trung tâm Học liệu Trường Đại học Cần Thơ
LEADER 00465nam a2200157Ia 4500
001 CTU_85963
008 210402s9999 xx 000 0 und d
082 |a 331.1 
082 |b I.42 
245 0 |a Industrialization and manpower polcy in Asian countries 
260 |a Tokyo 
260 |b The Japan Institute of Labour 
260 |c 1973 
650 |a Asia,Industrialization,Manpower policy 
904 |i Năm 
980 |a Trung tâm Học liệu Trường Đại học Cần Thơ